000 00528nam a2200157 i 4500
001 20447
003 ES-MaACL
007 t|
008 021112m19121916sp ||||1| spa d
100 1 _aAguilera de Paz, Enrique.
_918776
245 1 0 _aComentarios a la Ley de enjuiciamiento criminal /
_cpor Enrique Aguilera de Paz ; con un prólogo de Trinitario Ruiz Valarino.
260 _aMadrid :
_bHijos de Reus,
_c1912-16.
300 _a6 v. ;
_c22 cm.
700 1 _aRuiz Valarino, Trinitario.
_9100945
852 _aES-MaACL
_jB-3561-3566
999 _c20447
_d20447